|
|
|
|
| LEADER |
00000nab a2200000 a 4500 |
| 001 |
vtls000214848 |
| 003 |
SK-MaSNL |
| 005 |
20260302203814.0 |
| 008 |
190109c1985 xo 0 slo |
| 015 |
|
|
|a SNBRB19rr/mm-uuuuu
|
| 035 |
|
|
|a CL0224962
|
| 040 |
|
|
|a SNKBUCL
|b slo
|c SNKBUCL
|e AACR2
|
| 041 |
0 |
|
|a slo
|
| 044 |
|
|
|a xo
|c SK
|
| 080 |
|
|
|a 331.88(437)
|2 1981
|
| 080 |
|
|
|a 331.88(100)(47)
|2 1981
|
| 100 |
1 |
|
|a (r)
|4 aut
|9 636179
|
| 245 |
1 |
0 |
|a Návšteva u priateľov
|b Oficiálna delegácia ÚRO pricestovala do Prahy
|c (r)
|
| 610 |
2 |
7 |
|a Revolučné odborové hnutie.
|b Ústredná rada odborov
|2 SNKKA
|9 180099
|
| 655 |
|
7 |
|a články z novín a časopisov
|2 snkbucl
|9 267496
|
| 773 |
0 |
|
|t Práca
|g Roč. 40, č. 97 (25. 4. 1985), s. 1 a 3
|
| 850 |
|
|
|a Slovenská národná knižnica v Martine
|a MTA001
|
| 852 |
|
|
|a SNK
|b KIS3GCP
|
| 958 |
|
|
|a RK
|
| 958 |
|
|
|a SU
|
| 992 |
|
|
|a RBX
|
| 999 |
|
|
|c 1470710
|d 1472640
|